[Event "HUN-chT2 Toth 1819"]
[Site "Hungary"]
[Date "2018.10.07"]
[Round "2.12"]
[White "Panda, Barnabas"]
[Black "Nagy, Szilard"]
[Result "0-1"]
[WhiteElo "1523"]
[BlackElo "1774"]
[PlyCount "146"]
[EventDate "2018.09.23"]
[EventType "team-tourn"]
[EventRounds "11"]
[EventCountry "HUN"]
[SourceTitle "EXT 2021"]
[Source "ChessBase"]
[SourceDate "2020.10.23"]
[SourceVersion "1"]
[SourceVersionDate "2020.10.23"]
[SourceQuality "1"]
[WhiteTeam "Kecskemet Toth Laszlo II"]
[BlackTeam "Karcag"]
[WhiteTeamCountry "HUN"]
[BlackTeamCountry "HUN"]

1. e4 c5 2. Nf3 d6 3. d4 cxd4 4. Nxd4 Nf6 5. Nc3 a6 6. Be2 e6 7. Be3 Be7 8. 0-0 0-0 9. f4 Nbd7 10. Qe1 b5 11. a3 Bb7 12. Bf3 Qc7 13. Qg3 Rfe8 14. Rae1 Bf8 15. Bf2 Nb6 16. e5 Nfd5 17. Nxd5 Nxd5 18. Be4 g6 19. h4 dxe5 20. fxe5 Bg7 21. Bf3 Ne7 22. Bxb7 Qxb7 23. c3 Qc7 24. Nf3 Nf5 25. Qf4 Rad8 26. Nd4 Bh6 27. Qe4 Bg7 28. Qf4 Rd5 29. Nf3 Re7 30. Bd4 Red7 31. Re4 h5 32. Rfe1 Bh6 33. Ng5 Qd8 34. Rd1 Nxh4 35. Qxh4 Qxg5 36. Qf2 Bg7 37. Rde1 Qd8 38. Bb6 Qc8 39. Bd4 a5 40. Qe2 a4 41. Rf1 Qc7 42. Re1 Qb8 43. Rf1 Qc7 44. Re1 Bf8 45. Qe3 Bc5 46. Bxc5 Qxc5 47. Qxc5 Rxc5 48. Kf2 Rd2+ 49. R4e2 Rcd5 50. Rxd2 Rxd2+ 51. Re2 Rd5 52. Re4 Kg7 53. Ke2 f6 54. exf6+ Kxf6 55. Rf4+ Rf5 56. Rd4 Re5+ 57. Kf2 g5 58. Rd8 Ke7 59. Rd4 Rd5 60. Rb4 Kd6 61. Ke2 Kc6 62. Re4 Kd6 63. Rb4 Re5+ 64. Kf2 Kc5 65. Rd4 Rf5+ 66. Ke2 e5 67. Rd8 h4 68. Rc8+ Kd5 69. Rc7 Rf4 70. Rc8 Rg4 71. Kf3 Rg3+ 72. Kf2 e4 73. Rc7 e3+ 0-1

[Event "HUN-chT2 Toth 1516"]
[Site "Hungary"]
[Date "2015.09.13"]
[Round "1.11"]
[White "Nagy, Szilard"]
[Black "Hideg, Ferenc Bendeguz"]
[Result "1-0"]
[WhiteElo "1699"]
[BlackElo "1474"]
[PlyCount "173"]
[EventDate "2015.09.13"]
[EventType "team-tourn"]
[EventRounds "11"]
[EventCountry "HUN"]
[SourceTitle "CBM 170 Extra"]
[Source "ChessBase"]
[SourceDate "2016.02.25"]
[SourceVersion "1"]
[SourceVersionDate "2016.02.25"]
[SourceQuality "1"]
[WhiteTeam "Karcag"]
[BlackTeam "Felegyhaza Csongrad"]
[WhiteTeamCountry "HUN"]
[BlackTeamCountry "HUN"]

1. e4 d6 2. d4 Nf6 3. Nc3 c6 4. Be2 Qa5 5. Bd2 e5 6. Nd5 Qd8 7. Nxf6+ Qxf6 8. Bc3 Nd7 9. Nf3 b5 10. 0-0 a5 11. a3 Be7 12. Qd2 a4 13. d5 Bb7 14. Ne1 Nc5 15. f3 Bd8 16. Rd1 Bb6 17. Kh1 Bc7 18. Nd3 Nxd3 19. Bxd3 0-0 20. dxc6 Bxc6 21. Qe2 Rab8 22. f4 Qg6 23. f5 Qf6 24. Bb4 Rfd8 25. c4 bxc4 26. Bxc4 Bb6 27. Bd5 Bxd5 28. Rxd5 Bd4 29. Rc1 Qg5 30. Bd2 Qf6 31. Bc3 Bc5 32. Rcd1 h6 33. h3 Qg5 34. Qf3 Kh7 35. Qd3 Bd4 36. Bxd4 exd4 37. Qxd4 Ra8 38. Rxd6 Rxd6 39. Qxd6 Rc8 40. Qd2 Qf6 41. Qd4 Qc6 42. e5 Re8 43. Qd7 Qc2 44. e6 fxe6 45. fxe6 Rxe6 46. Qd3+ Qxd3 47. Rxd3 Re2 48. Rd4 Rxb2 49. Rxa4 Rb5 50. Kh2 g5 51. Ra6 Rb3 52. Ra7+ Kg6 53. a4 Ra3 54. a5 Kh5 55. Ra8 g4 56. hxg4+ Kxg4 57. a6 Kh5 58. a7 Ra4 59. Kh3 Rh4+ 60. Kg3 Ra4 61. Kf3 Ra3+ 62. Ke4 Ra4+ 63. Kf5 Ra5+ 64. Kf6 Ra6+ 65. Kf7 Ra2 66. g4+ Kh4 67. Ke6 Ra6+ 68. Kd5 Ra5+ 69. Kc4 Ra4+ 70. Kb3 Ra6 71. g5 Rb6+ 72. Kc4 Rb7 73. gxh6 Kh5 74. Kc5 Rf7 75. h7 Rxh7 76. Kb6 Rh6+ 77. Kb5 Rh7 78. Ka5 Kh4 79. Kb5 Kh5 80. Kc6 Rh6+ 81. Kd7 Rh7+ 82. Ke6 Rh6+ 83. Kf5 Rh7 84. Kf6 Rh6+ 85. Kg7 Rg6+ 86. Kf7 Rh6 87. Rg8 1-0

[Event "Puspokladany Arnoth Memorial-A 08th"]
[Site "Puspokladany"]
[Date "2015.08.02"]
[Round "8"]
[White "Nagy, Szilard"]
[Black "Kiss, Laszlo4"]
[Result "1-0"]
[WhiteElo "1675"]
[BlackElo "1885"]
[PlyCount "71"]
[EventDate "2015.07.29"]
[EventType "swiss"]
[EventRounds "9"]
[EventCountry "HUN"]
[SourceTitle "EXT 2025"]
[Source "ChessBase"]
[SourceDate "2024.10.14"]
[SourceVersion "1"]
[SourceVersionDate "2024.10.14"]
[SourceQuality "1"]

1. e4 c5 2. Nf3 e6 3. d4 cxd4 4. Nxd4 Nc6 5. Be2 Bc5 6. Nxc6 bxc6 7. 0-0 Nf6 8. e5 Nd5 9. c4 Ne7 10. Nc3 Ng6 11. Ne4 Qe7 12. Bg5 Qf8 13. Nd6+ Bxd6 14. exd6 f6 15. Be3 e5 16. c5 Qf7 17. Qc2 Nf8 18. b4 Qg6 19. Bd3 Qg4 20. f4 Bb7 21. Bf5 Qh5 22. fxe5 g6 23. Be4 f5 24. Bf3 Qh4 25. b5 Ne6 26. bxc6 dxc6 27. Qb3 Nd8 28. e6 Ba6 29. Rfe1 Bc4 30. Qc3 0-0 31. e7 Re8 32. exd8Q Raxd8 33. Bf2 Qf4 34. Rxe8+ Rxe8 35. d7 Rb8 36. Bg3 1-0

[Event "HUN-chT2 Toth 1415"]
[Site "Hungary"]
[Date "2015.01.25"]
[Round "7"]
[White "Hideg, Ferenc Bendeguz"]
[Black "Nagy, Szilard"]
[Result "0-1"]
[WhiteElo "1382"]
[BlackElo "1682"]
[PlyCount "64"]
[EventDate "2014.09.07"]
[EventType "team-tourn"]
[EventRounds "11"]
[EventCountry "HUN"]
[SourceTitle "EXT 2016"]
[Source "ChessBase"]
[SourceDate "2015.10.08"]
[SourceVersion "1"]
[SourceVersionDate "2015.10.08"]
[SourceQuality "1"]
[WhiteTeam "Felegyhaza Csongrad"]
[BlackTeam "Karcag"]
[WhiteTeamCountry "HUN"]
[BlackTeamCountry "HUN"]

1. d4 Nf6 2. Bf4 g6 3. Nf3 Bg7 4. e3 d6 5. Be2 0-0 6. 0-0 c6 7. Nbd2 Nh5 8. Bg3 Nxg3 9. hxg3 Nd7 10. c3 a5 11. a3 e5 12. Qc2 d5 13. dxe5 Nxe5 14. Nxe5 Bxe5 15. Nf3 Bf6 16. Nd4 Qc7 17. Rad1 h5 18. Rfe1 h4 19. gxh4 Bxh4 20. Bd3 Kg7 21. g3 Bf6 22. Bf1 Rh8 23. Bg2 Bg4 24. Rc1 Rh6 25. Nf3 Rah8 26. Qa4 Bf5 27. Kf1 Bd3+ 28. Kg1 b5 29. Qf4 Qe7 30. Nd4 Qd7 31. Qf3 Be4 32. Qd1 Rh1+ 0-1

[Event "HUN-chT2 Toth 1314"]
[Site "Hungary"]
[Date "2014.04.13"]
[Round "10.2"]
[White "Vertes, Imre"]
[Black "Nagy, Szilard"]
[Result "1-0"]
[WhiteElo "1598"]
[BlackElo "1701"]
[PlyCount "75"]
[EventDate "2013.09.08"]
[EventType "team-tourn"]
[EventRounds "11"]
[EventCountry "HUN"]
[SourceTitle "EXT 2016"]
[Source "ChessBase"]
[SourceDate "2015.10.08"]
[SourceVersion "1"]
[SourceVersionDate "2015.10.08"]
[SourceQuality "1"]
[WhiteTeam "Bekes"]
[BlackTeam "Karcag"]
[WhiteTeamCountry "HUN"]
[BlackTeamCountry "HUN"]

1. c4 Nf6 2. Nc3 g6 3. g3 Bg7 4. Bg2 0-0 5. d4 d6 6. e4 c6 7. Nge2 Na6 8. 0-0 Re8 9. f4 Bg4 10. h3 Bxe2 11. Nxe2 Qb6 12. Kh2 Rad8 13. f5 e5 14. fxg6 hxg6 15. Bg5 Nh7 16. Bxd8 Rxd8 17. d5 Nc5 18. Rb1 cxd5 19. cxd5 Nf6 20. Nc3 a6 21. b4 Ncd7 22. a3 Rc8 23. Qd2 Kh7 24. g4 Qd8 25. Rbc1 Nb6 26. Ne2 Nc4 27. Qd3 b5 28. Kh1 Bh6 29. Rc2 Rc7 30. a4 Rb7 31. Rf3 Bg7 32. axb5 axb5 33. Nc3 Na3 34. Ra2 Ra7 35. Nb1 Qc7 36. Nxa3 Ng8 37. Qc2 Qxc2 38. Rxc2 1-0